| 000 | 00869aam a2200289 4500 | ||
|---|---|---|---|
| 005 | 20161018155802.0 | ||
| 008 | 150409b xxu||||| |||| 00| 0 spa d | ||
| 041 | _aEspañol | ||
| 082 | _a1.3.4 G643f | ||
| 100 |
_aGonzález Cobreros, Ma. de los Ángeles _927474 |
||
| 245 | _aFundamentos teóricos y gestión práctica de las Agencias de Viajes | ||
| 260 | _aEspaña | ||
| 260 | _bSintesis | ||
| 260 | _c2002 | ||
| 300 | _a302 páginas | ||
| 650 |
_aAGENCIAS DE VIAJES Y TURISMO _99444 |
||
| 650 |
_aPRODUCTO TURÍSTICO _9931 |
||
| 650 |
_aTURISMO ALTERNATIVO _96704 |
||
| 650 |
_aRESERVACIONES POR INTERNET _927475 |
||
| 650 |
_aALOJAMIENTO _99744 |
||
| 650 |
_aMEDIOS DE TRANSPORTE _92553 |
||
| 650 |
_aTARIFAS _927422 |
||
| 650 |
_aVENTAS _9635 |
||
| 650 |
_aPAQUETES TURÍSTICOS _927476 |
||
| 650 |
_aORGANIZACIÓN DE VIAJES _927477 |
||
| 942 | _cBK | ||
| 999 |
_c1608 _d1608 |
||